Pisimmät yksisanaiset valtioiden nimet - Statistics

Yleistilastot
  • Tätä visaa on pelattu 2 398 kertaa
  • Keskiarvotulos 11 / 21
Vastaustilastot
kirjaimia valtio % Oikein
12 Turkmenistan
73%
11 Yhdysvallat
73%
13 Liechtenstein
71%
10 Uzbekistan
70%
11 Tadžikistan
65%
10 Argentiina
64%
10 Afganistan
61%
11 Azerbaidžan
57%
10 Madagaskar
52%
11 Filippiinit
51%
16 Marshallinsaaret
49%
17 Norsunluurannikko
48%
15 Salomoninsaaret
48%
10 Mauritania
42%
10 Mikronesia
40%
10 Alankomaat
39%
10 Malediivit
37%
10 Bangladesh
36%
15 Vatikaanivaltio
36%
10 Seychellit
35%
10 Montenegro
30%
Ehtoja vastaavia visoja ei löytynyt
Tulosjakauma
Jokaisen tuloksen saaneiden osuus
Persentiili vastausten määrän mukaan
Tuloshistoriasi
Et ole pelannut tätä visaa